Pokemon that contain the letter H - Statistics

General Stats
  • This quiz has been taken 343 times
    339 since last reset
  • The average score is 134 of 186
Answer Stats
Generation Type Pokemon % Correct
I Fighting Hitmonchan
94%
I Fighting Hitmonlee
94%
II Fighting Hitmontop
93%
I Fire/Flying Charizard
92%
I Fire Charmander
92%
I Fire Charmeleon
92%
V Dark/Dragon Hydreigon
91%
III Fighting Hariyama
88%
I Ghost/Poison Haunter
88%
VI Fighting/Flying Hawlucha
88%
II Dark/Fire Houndoom
88%
II Dark/Fire Houndour
88%
I Normal Chansey
87%
IV Fire/Steel Heatran
87%
II Bug/Fighting Heracross
87%
II Grass/Flying Hoppip
87%
II Grass Chikorita
86%
IV Fire Chimchar
86%
IV Ground Hippopotas
86%
VI Steel/Ghost Honedge
86%
I Fighting Machamp
86%
I Fighting Machoke
86%
I Fighting Machop
86%
II Electric Pichu
86%
I Electric Pikachu
86%
VI Steel/Ghost Aegislash
85%
IV Dark/Flying Honchkrow
85%
II Fire/Flying Ho-Oh
85%
II Normal/Flying Hoothoot
85%
I Electric Raichu
85%
V Rock/Flying Archen
84%
V Dragon Haxorus
84%
V Fire Heatmor
84%
III Water Huntail
84%
III Water/Ground Whiscash
84%
V Rock/Flying Archeops
83%
V Ghost/Fire Chandelure
83%
VI Grass Chespin
83%
IV Normal Happiny
83%
IV Ground Hippowdon
83%
I Psychic Hypno
83%
VI Grass/Fighting Chesnaught
81%
III Water/Ground Marshtomp
81%
VI Electric/Normal Heliolisk
80%
VI Electric/Normal Helioptile
80%
III Water/Ground Barboach
79%
IV Grass Cherrim
79%
III Psychic Chimecho
79%
V Water/Ghost Frillish
79%
III Fighting Makuhita
79%
III Bug/Ghost Shedinja
79%
I Water Shellder
79%
I Water Horsea
78%
VII Fighting/Ghost Marshadow
78%
I Grass/Poison Oddish
78%
I Water Poliwhirl
78%
VII Bug/Electric Charjabug
77%
IV Grass Cherubi
77%
VI Fire/Psychic Delphox
77%
VIII Psychic Hatenna
77%
I Water/Fighting Poliwrath
77%
I Fire Rapidash
77%
V Dragon/Fire Reshiram
77%
I Ground/Rock Rhydon
77%
I Ground/Rock Rhyhorn
77%
II Bug/Rock Shuckle
77%
III Ghost Shuppet
77%
IV Psychic Chingling
76%
II Ground Donphan
76%
III Fighting/Psychic Medicham
76%
IV Bug/Flying Mothim
76%
IV Ground/Rock Rhyperior
76%
I Ground Sandshrew
76%
I Ground Sandslash
76%
V Fighting Throh
76%
I Bug/Poison Venomoth
76%
II Water/Electric Chinchou
74%
VIII Ice/Bug Frosmoth
74%
IV Dragon/Ground Garchomp
74%
V Psychic Gothita
74%
VIII Psychic/Fairy Hatterene
74%
V Normal Herdier
74%
II Ground Phanpy
74%
III Dark Poochyena
74%
II Fire Typhlosion
74%
II Electric Ampharos
73%
V Psychic Gothitelle
73%
VIII Psychic Hattrem
73%
VI Psychic/Ghost Hoopa
73%
I Normal Kangaskhan
73%
III Dark Mightyena
73%
III Dragon Shelgon
73%
III Water Corphish
72%
V Psychic Gothorita
72%
I Fire Growlithe
72%
III Water/Dark Sharpedo
72%
V Bug Shelmet
72%
III Grass/Dark Shiftry
72%
V Electric/Flying Thundurus
72%
V Grass/Fairy Whimsicott
72%
V Dark/Steel Bisharp
71%
IX Fire Charcadet
71%
IV Normal/Flying Chatot
71%
I Normal/Flying Farfetch’d
71%
VI Ghost/Grass Phantump
71%
I Bug/Flying Scyther
71%
VII Water/Psychic Bruxish
70%
III Water/Dark Carvanha
70%
V Grass/Steel Ferrothorn
70%
VI Fire/Flying Fletchinder
70%
VI Normal/Flying Fletchling
70%
III Water/Rock Relicanth
70%
III Rock/Bug Anorith
69%
VII Dragon/Fighting Hakamo-o
69%
IV Grass Shaymin
69%
IV Water Shellos
69%
IV Electric Shinx
69%
V Poison Trubbish
69%
V Bug/Poison Whirlipede
69%
V Psychic Beheeyem
67%
VII Grass/Fairy Shiinotic
67%
V Ice Vanillish
67%
III Normal Whismur
67%
IX Fighting/Ghost Annihilape
66%
VIII Water/Ice Arctovish
66%
VIII Water Chewtle
66%
VII Ghost/Grass Dhelmise
66%
V Water Oshawott
66%
IV Water Phione
66%
III Grass Shroomish
66%
II Ice/Psychic Smoochum
66%
III Ice/Water Spheal
66%
VII Water Wishiwashi
66%
V Ice Cubchoo
65%
V Rock Gigalith
65%
IX Ghost Houndstone
65%
I Normal Meowth
65%
IV Rock/Steel Shieldon
65%
III Normal Slakoth
65%
VIII Water/Dragon Dracovish
64%
V Psychic Musharna
64%
IV Electric Pachirisu
64%
III Fire Torchic
64%
III Normal Vigoroth
64%
IX Fairy Dachsbun
63%
III Steel/Psychic Jirachi
63%
VI Fighting Pancham
63%
VI Water Clauncher
62%
IX Steel/Ghost Gholdengo
62%
VII Bug/Fighting Pheromosa
62%
IX Ghost Gimmighoul
60%
V Fighting Mienshao
60%
VIII Fighting Sirfetch'd
60%
VII Fire/Ghost Blacephalon
59%
IX Ghost/Grass Brambleghast
59%
IX Dark/Ice Chien-Pao
59%
IX Fighting/Electric Iron Hands
59%
IV Water Manaphy
59%
VII Rock/Poison Nihilego
59%
IX Electric/Ground Sandy Shocks
59%
IX Fire/Poison Iron Moth
58%
IX Dark Maschiff
58%
VIII Fighting/Dark Urshifu
58%
VIII Fire/Bug Centiskorch
57%
VIII Flying/Steel Corviknight
57%
V Psychic/Flying Sigilyph
57%
VII Normal Gumshoos
56%
IX Normal Lechonk
56%
IX Poison/Normal Shroodle
56%
IX Fairy Fidough
55%
II Water/Poison Qwilfish
55%
III Ground Trapinch
55%
IX Steel Orthworm
53%
V Normal Watchog
53%
IX Dark/Grass Wo-Chien
53%
IX Dark/Fire Chi-Yu
52%
IV Normal Munchlax
52%
IX Bug/Fighting Slither Wing
52%
IX Rock/Electric Iron Thorns
51%
IX Normal Maushold
51%
VIII Electric Pincurchin
51%
VIII Dark Thievul
50%
VIII Grass Thwackey
50%
VIII Steel Copperajah
49%
IV Grass Tangrowth
48%
IX Psychic Espathra
47%
No matching quizzes found
Score Distribution
Percent of People with Each Score
Percentile by Number Answered
Your Score History
You have not taken this quiz since the last reset